| 000 | 00565cam a22002291 4500 | ||
|---|---|---|---|
| 001 | sa 68007577 | ||
| 003 | DLC | ||
| 005 | 20260227112523.0 | ||
| 008 | 890926s1967 ii c 000 1 maro | ||
| 010 | _asa 68007577 | ||
| 035 | _a(OCoLC)20397657 | ||
| 040 |
_aDLC _cWaU _dDLC |
||
| 042 | _apremarc | ||
| 050 | 0 | 0 |
_aPK2418.M3137 _bP38 |
| 100 | 0 | _aManamohana. | |
| 245 | 1 | 0 | _aPeśave Bājīrāva. |
| 260 | _c[1967] | ||
| 300 |
_a164 p. _bport. _c19 cm. |
||
| 500 | _aIn Marathi. | ||
| 500 | _aA novel. | ||
| 600 | 0 | 0 |
_aBaji Rao _bI, _cPeshwa, _d1700-1740 _vFiction. |
| 999 |
_c81901 _d81901 |
||